APMIS.
| Previous Title: | Acta pathologica, microbiologica et immunologica Scandinavica. Section A, Pathology Acta pathologica, microbiologica et immunologica Scandinavica. Section B, Microbiology Acta pathologica, microbiologica et immunologica Scandinavica. Section C, Immunology |
|---|---|
| Uniform Title: | APMIS (Online) |
| Corporate Author: | |
| Format: | Journal |
| Language: | English |
| Published: |
[Copenhagen] :
Munksgaard
|
| Subjects: | |
| Online Availability: |
|
MARC
| Tag | First Indicator | Second Indicator | Subfields |
|---|---|---|---|
| LEADER | 00000cas a2200000Ka 4500 | ||
| 001 | in00004496613 | ||
| 005 | 20220223170722.9 | ||
| 006 | m d | ||
| 007 | cr cn -------- | ||
| 008 | 990915c19969999dk mr p o 0 a0eng d | ||
| 022 | |a 1600-0463 |y 0903-4641 | ||
| 035 | |a (OCoLC)ocm42372299 | ||
| 035 | |z (UtOrBLW)33766 | ||
| 035 | |a 49861 | ||
| 040 | |a PIT |c PIT |d OCL |d OCLCQ |d GUA |d PIT |d F#A |d MUQ |d VRC |d OCLCQ |d TMV |d UtOrBLW | ||
| 049 | |a TMVM | ||
| 060 | 4 | |a QW 500 | |
| 060 | 4 | |a QY 1 | |
| 060 | 4 | |a QZ 1 | |
| 060 | 4 | |a WD 300 | |
| 130 | 0 | |a APMIS (Online) | |
| 245 | 1 | 0 | |a APMIS. |
| 246 | 3 | 0 | |a Acta pathologica, microbiologica, et immunologica Scandinavica |
| 264 | 1 | |a [Copenhagen] : |b Munksgaard | |
| 310 | |a Monthly | ||
| 336 | |a text |2 rdacontent |b txt | ||
| 337 | |a computer |2 rdamedia | ||
| 338 | |a online resource |2 rdacarrier |b cr | ||
| 362 | 1 | |a Coverage as of July 11, 2012: Vol. 105, issue 1 (Jan. 1997)- | |
| 500 | |a Description based on: Volume 110, issue 1 (Jan. 2002); title from general information screen (viewed May 4, 2003). | ||
| 506 | |a This title is restricted to authorized TAMU and TAMHSC users. | ||
| 516 | |a Abstracts, tables of contents, and citation information are HTML encoded; articles are available in portable document format (PDF). | ||
| 530 | |a Online version of the print title: APMIS. | ||
| 580 | |a Formed by the union of: Acta pathologica, microbiologica et immunologica Scandinavica. Section A, Pathology, and: Acta pathologica, microbiologica et immunologica Scandinavica. Section B, Microbiology, and: Acta pathologica, microbiologica et immunologica Scandinavica. Section C, Immunology. | ||
| 500 | |a Electronic resource. | ||
| 650 | 2 | |a Allergy and Immunology. | |
| 650 | 2 | |a Microbiology. | |
| 650 | 2 | |a Pathology. | |
| 655 | 2 | |a Periodicals. | |
| 690 | |a BioRes | ||
| 710 | 2 | |a Synergy (Online service) | |
| 770 | 0 | |t APMIS (Online). Supplementum |w (OCoLC)42379388 |x 0903-465X | |
| 776 | 1 | |t APMIS (Print) |x 0903-4641 |w (OCoLC)17476618 | |
| 780 | 1 | 4 | |t Acta pathologica, microbiologica et immunologica Scandinavica. Section A, Pathology |x 0108-0164 |w (DLC)sc 82005093 |w (OCoLC)8246349 |
| 780 | 1 | 4 | |t Acta pathologica, microbiologica et immunologica Scandinavica. Section B, Microbiology |x 0108-0180 |w (DLC)sc 82005096 |w (OCoLC)8246434 |
| 780 | 1 | 4 | |t Acta pathologica, microbiologica et immunologica Scandinavica. Section C, Immunology |x 0108-0202 |w (DLC)sc 82005097 |w (OCoLC)8276661 |
| 948 | |a Ebsco Subscription Services |g 066-908-377 (online) | ||
| 948 | |a Online access via Wiley Interscience 12/6/2017 | ||
| 999 | |a MARS | ||
| 999 | f | f | |s d6fbf959-d86d-3dc5-ad54-10c295c21ee1 |i eca4b033-9c4e-3a8a-95f2-4a3dd24c84bb |t 0 |
| 952 | f | f | |a Texas A&M University |b College Station |c Electronic Resources |d Available Online |t 0 |e Online Journal |h Other scheme |
| 998 | f | f | |a Online Journal |t 0 |l Available Online |